Soil Erosion and Conservation (Record no. 37)
[ view plain ]
| 000 -LEADER | |
|---|---|
| Fixed length control field | 00393nam a2200169 4500 |
| 003 - CONTROL NUMBER IDENTIFIER | |
| Control field | SEACOMMC |
| 005 - DATE AND TIME OF LATEST TRANSACTION | |
| Control field | 20231010053029.0 |
| 008 - FIXED-LENGTH DATA ELEMENTS--GENERAL INFORMATION | |
| Fixed length control field | 231010b |||||||| |||| 00| 0 eng d |
| 020 ## - INTERNATIONAL STANDARD BOOK NUMBER / ISBN | |
| Price | 185.00 |
| 040 ## - CATALOGING SOURCE | |
| Original cataloging agency | SEACOMMC |
| 082 ## - DEWEY DECIMAL CLASSIFICATION NUMBER | |
| Classification number | 533.7316 |
| Book Number | SOI |
| 100 ## - MAIN ENTRY--PERSONAL NAME | |
| Personal name | Tripathi,R.R |
| 245 ## - TITLE STATEMENT | |
| Title | Soil Erosion and Conservation |
| 260 ## - IMPRINT | |
| Place of publication | New Delhi |
| Name of publisher | New Age |
| Date of publication | 2001 |
| 700 ## - ADDED ENTRY--PERSONAL NAME | |
| Personal name | H.P Singh |
| 942 ## - ADDED ENTRY ELEMENTS (KOHA) | |
| Koha item type | Books |
| Withdrawn status | Lost status | Source of classification | Damaged status | Not for loan | Home library | Current library | Date acquired | Total Checkouts | Call number | Accession number | Date last seen | Copy number | Price effective from | Koha item type |
|---|---|---|---|---|---|---|---|---|---|---|---|---|---|---|
| Dewey Decimal Classification | SEACOM MANAGEMENT COLLEGE | SEACOM MANAGEMENT COLLEGE | 10/10/2023 | 533.7316 SOI | 70 | 10/10/2023 | 3 | 10/10/2023 | Books | |||||
| Dewey Decimal Classification | SEACOM MANAGEMENT COLLEGE | SEACOM MANAGEMENT COLLEGE | 10/10/2023 | 533.7316 SOI | 71 | 10/10/2023 | 4 | 10/10/2023 | Books | |||||
| Dewey Decimal Classification | SEACOM MANAGEMENT COLLEGE | SEACOM MANAGEMENT COLLEGE | 10/10/2023 | 533.7316 SOI | 72 | 10/10/2023 | 5 | 10/10/2023 | Books |
